| 000 | 00477pam a22001814a 4500 | ||
|---|---|---|---|
| 020 | _a1588105253 | ||
| 040 | _cDLC | ||
| 082 | 0 | 0 | _a581 HEI 2002 C160 Or. |
| 100 | 1 | _aWhitehouse, Patricia, | |
| 245 | 1 | 0 | _aSeeds / |
| 260 |
_aChicago : _bHeinemann Library, _cc2002. |
||
| 300 |
_a24 p. : _bcol. ill. ; _c23 cm. |
||
| 490 | 1 | _aPlants | |
| 500 | _aIncludes index. | ||
| 520 | _aIntroduces the physical traits, function, and uses of seeds. | ||
| 650 | 0 | _aSeeds | |
| 942 | _cAEDBB | ||
| 999 |
_c19059 _d19059 |
||